000 00571cam a22002053a 4500
001 44999
003 PGUSA
005 20140828084028.0
008 140225s2014||||xxu|||||s|||||000 | eng d
040 _aPGUSA
_beng
042 _adc
100 1 _aBenedictsson, Victoria,
_d1850-1888
245 1 0 _aÄiti
_h[electronic resource] /
_cVictoria Benedictsson
260 _bProject Gutenberg,
_c2014
506 _aPublic domain in the USA.
516 _aElectronic text
830 0 _aProject Gutenberg
_v44999
856 4 0 _uhttp://www.gutenberg.org/ebooks/44999
942 _cEB
999 _c274250
_d274250